000
00313nam a22001337a 4500
008
180112b xxu||||| |||| 00| 0 eng d
020
_a
9780471531067
041
_a
eng
080
_a
159.9
100
_a
48
101
_a
PSI
245
_a
Case in studies in abnormal psychology
_c
Oltmanns,TH.F
942
_2
udc
_c
BK
999
_c
40176
_d
40176